000 01390nam a22003857a 4500
003 CHAP
005 20220329135945.0
008 971013s1986 r 00010 d
010 _a44691
011 _a45663
035 _a49802
040 _cCHAP
090 _aTesis
100 0 0 _aSalas Téllez, Víctor Manuel.
_9101333
245 1 _aTécnicas de la inoculación del virus rayado fino del maíz
260 _aChapingo, Méx. :
_bEl autor,
_c1986
300 _a99 h. :
_bgráfs.
502 _aTesis (M.C. Esp. en Fitopatología) -- CP. Centro de Fitopatología
590 _aALEPH
_b10
_c20130110
_lUCH01
_h1314
590 _aBATCH-UPD
_b10
_c20130110
_lUCH01
_h0201
590 _aBATCH-UPD
_b10
_c20130110
_lUCH01
_h2035
590 _aBATCH-UPD
_b10
_c20130409
_lUCH01
_h2209
590 _aBATCH-UPD
_b10
_c20130410
_lUCH01
_h1351
590 _aBATCH-UPD
_b10
_c20130914
_lUCH01
_h1135
590 _aCONVERSION
_b10
_c20130109
_lUCH01
_h1325
650 1 4 _aDalbulus maidis.
_930930
650 1 4 _aMaíz
_xEnfermedades por virus.
_970943
650 1 4 _aMaíz
_xInoculación.
_970983
650 1 4 _aMaíz
_xVariedades.
_971081
901 _aBK
942 _cFOLL
949 _aTesis
_bBC
_cTES
_d33724002091462
_eTS1
_h18182
_i49802
_sb
949 _aTesis
_bBC
_cTES
_d33724002091470
_eTS2
_fc.2
_gDonaciØn
_h18183
_i49802
_sb
949 _aTesis
_bBC
_cTES
_d33724002091488
_eTS2
_fc.3
_gDonaciØn
_h18184
_i49802
_sb
999 _c44691
_d44691